Internetes kereső alkalmazás

Elmentve itt :
Bibliográfiai részletek
Szerző: Varga Sándor
További közreműködők: Csendes Tibor (Témavezető)
Dokumentumtípus: Szakdolgozat
Megjelent: 2003
Tárgyszavak:
Online Access:http://diploma.bibl.u-szeged.hu/2523
LEADER 00643nta a2200169 i 4500
001 dipl2523
005 20130314071506.0
008 110328s2003 hu om 0|| hun d
040 |a SZTE Diploma Repozitórium  |b hun 
041 |a hun 
100 1 |a Varga Sándor 
245 1 0 |a Internetes kereső alkalmazás  |h [elektronikus dokumentum] /  |c Sándor Varga 
260 |c 2003 
650 4 |a Informatika 
700 1 |a Csendes Tibor  |e ths 
856 4 0 |u http://diploma.bibl.u-szeged.hu/id/eprint/2523/1/2003_varga_sandor_03_162.pdf  |z Dokumentum-elérés  
856 4 0 |u http://diploma.bibl.u-szeged.hu/id/eprint/2523/2/2003_varga_sandor_03_162_velemeny.pdf  |z Dokumentum-elérés